000 00362nam a2200145Ia 4500
008 150201s2002 xx 000 0 und d
082 _a617.695
_bS2002G
100 _aS.GOWRI SANKAR
245 _aSYNOPSIS OF DENTAL MATERIALS
250 _a1ST
260 _bPARAS PUBLISHING
_aHYDERABAD
_c2002
300 _a1-455
650 _aDENTAL MATERIAL
942 _2ddc
_cBK
999 _c2572
_d2572